000 00310 a2200133 4500
005 20250627113744.0
020 _a0-07-145511-6
082 _a339 SWA
100 _aSWANENBERG, A
245 _aMacroeconomics
260 _aNew York,
_bMcGraw Hill,
_c2005
300 _axxix, 313p.;
_bIndex
_c23cm
942 _2ddc
_cBKS
999 _c5601
_d5601